000 00504nam a2200181Ia 4500
005 20250923144437.0
008 008 250917s9999 xx 000 0 eng d
037 _aTextual
040 _aDSWL
_beng
_cDSWL
041 _aeng
_2eng
084 _aYz7, F8
_qDSWL
100 _aBarnes, H.E.
_9824947
245 0 _aLiving in the 20th century
_cby H.E. Barnes
260 _aIndia
_bBobb-Merrill
_c1928
300 _a392 p.
942 _cTEXL
_hYz7, F8
999 _c1438944
_d1438944